| 000 | 00421 a2200133 4500 | ||
|---|---|---|---|
| 040 |
_aDLC _bDLC |
||
| 082 | _a515.15 | ||
| 100 | _aFaisal Shah Khan | ||
| 245 |
_aCalculus and Analytical Geometry MTH101 _cFaisal Shah Khan _hCD-ROM |
||
| 260 |
_aLahore: _bVirtual University, _c2005. |
||
| 300 | _e7 CD-ROMs (3/4in) | ||
| 500 | _aLectures: 1-7, 8-14, 15-21, 22-28, 29-35, 36-42, 43-45 (7 CD-ROMs) | ||
| 942 |
_cCD _k515.15 FAI _2ddc |
||
| 999 |
_c9440 _d9440 |
||